La Culture Générale en 10 questions #4 - Statistiques

Statistiques générales
  • Ce quiz a été pris 175 fois
    160 depuis la dernière actualisation
  • Le résultat moyen est 7 sur 10
Statistiques - réponses
Hint Réponse % Correct
Combien de continents compte-t-on sur Terre ? 7
99%
Dans quel pays se trouve la célèbre tour penchée de Pise ? Italie
98%
Quelle est la langue officielle du Brésil ? Portugais
98%
Quel est la capitale de l'Australie Canberra
93%
Quel est l'organe principal du système circulatoire humain ? Cœur
93%
Quel mathématicien grec est célèbre pour son théorème sur les triangles rectangles ? Pythagore
89%
Dans quel pays trouve-t-on le site archéologique de Petra ? Jordanie
66%
Qui a écrit La Critique de la raison pure ? Kant
23%
Quel est le nom du satellite naturel de Mars le plus proche de la planète ? Phobos
7%
Quelle bataille, en 1415, a vu une victoire anglaise décisive pendant la guerre de Cent Ans ? Agincourt
1%
Aucun quiz correspondant
Distribution des résultats
% des personnes avec chaque résultat
Percentile par nombre de réponses
Votre historique - résultats
Vous n’avez pas pris ce quiz depuis la dernière actualisation